000 00597nam a2200193 a 4500
005 20140412111416.0
008 070822s19uu xx 00 eng d
020 _a0-439-26988-1
050 _aM 551.55
_bP47 2002
100 _aPfeffer, Wendy
245 _aThunder Lightning /
_cWendy Pfeffer.
260 _aNew York :
_bScholastic,
_c2002.
300 _a32 p. : col. ill. ; 23 cm.
440 _aScholastic Science Readers
520 _aSimple text and photgraphs describe two features of storms, thunder and lightning
650 _aThunderstorms
650 _aLightning
999 _c105848
_d105848